[Event "Saint Louis Masters 2026"]
[Site "Saint Louis USA"]
[Date "2026.02.25"]
[Round "2.9"]
[White "Quesada Perez, Yasser"]
[Black "Pyrih, Roman"]
[Result "1-0"]
[WhiteTitle "GM"]
[BlackTitle "IM"]
[WhiteElo "2562"]
[BlackElo "2403"]
[WhiteFideId "3509362"]
[BlackFideId "14179156"]
[EventDate "2026.02.25"]

1. e4 c5 2. c3 d5 3. exd5 Qxd5 4. d4 Nf6 5. Nf3 e6 6. Be2 Be7 7. O-O O-O 8. Ne5
cxd4 9. cxd4 Nc6 10. Bf3 Qb5 11. Nc3 Qa6 12. Bg5 h6 13. Bxf6 Bxf6 14. Bxc6 bxc6
15. Ne4 Be7 16. Nc5 Qb5 17. Qc2 Rd8 18. Rfd1 a5 19. Rac1 Bf8 20. b3 Rd5 21. Na4
Qa6 22. Qxc6 Qxc6 23. Nxc6 Rb5 24. Ne5 Bb7 25. Rc7 f6 26. Nc3 Rb4 27. Nd3 Rb6
28. Nc5 Rc8 29. Rxc8 Bxc8 30. N3a4 Rd6 31. Rd3 Kf7 32. Kf1 Rc6 33. Rc3 Rc7 34.
Ke2 g5 35. Kd3 f5 36. Nb6 e5 37. Rc4 e4+ 38. Ke3 Bb7 39. Nxb7 Rxb7 40. Rc6 Bg7
41. g3 Bf8 42. Nc4 a4 43. bxa4 Rb1 44. a5 Re1+ 45. Kd2 Ra1 46. a6 Rxa2+ 47. Kc3
f4 48. Kb3 Ra1 49. d5 e3 50. fxe3 fxe3 51. Re6 e2 52. Ne5+ Kg7 53. Nd3 Kf7 54.
Kc4 Ra3 55. Nc5 Ra1 56. Nd3 Ra3 57. Rxe2 Rxa6 58. Ne5+ Kg7 59. Nd7 Ra4+ 60. Kd3
Bd6 61. Re6 Ba3 62. Nb6 Ra6 63. Kc4 Bf8 64. Kb5 Ra7 65. Kc6 Ra2 66. d6 Bxd6 67.
Kxd6 Rxh2 68. Nd5 h5 69. Ne3 Kf7 70. Re7+ Kf6 71. Re6+ Kf7 72. Re5 Kf6 73. Nd5+
Kg6 74. Ne7+ Kh6 75. Ke6 Ra2 76. Kf6 Ra6+ 77. Kf5 Ra3 78. Kf6 Ra6+ 79. Re6 Rxe6+
80. Kxe6 Kg7 81. Nf5+ Kg6 82. Ne3 1-0

[Event "Saint Louis Masters 2026"]
[Site "Saint Louis USA"]
[Date "2026.02.25"]
[Round "2.10"]
[White "Repka, Christopher"]
[Black "Sonis, Francesco"]
[Result "1/2-1/2"]
[WhiteTitle "GM"]
[BlackTitle "GM"]
[WhiteElo "2495"]
[BlackElo "2561"]
[WhiteFideId "14918781"]
[BlackFideId "895733"]
[EventDate "2026.02.25"]

1. e4 c5 2. Nf3 d6 3. d4 cxd4 4. Qxd4 a6 5. Nc3 Nc6 6. Qd3 Nf6 7. Be2 g6 8. Nd5
Bg7 9. c3 O-O 10. O-O Nd7 11. Qc2 b6 12. Bg5 h6 13. Bh4 Bb7 14. Rad1 Rc8 15. a4
Re8 16. h3 Rb8 17. Bc4 Qc8 18. Qe2 e6 19. Ne3 Nc5 20. Rxd6 Nxe4 21. Rdd1 Ne7 22.
Bd3 Nf5 23. Ng4 Nxc3 24. bxc3 Bxf3 25. Qxf3 Nxh4 26. Nf6+ Bxf6 27. Qxf6 Nf5 28.
Rfe1 Ng7 29. Re4 Rd8 30. Rd4 Rxd4 31. Qxd4 a5 32. Qf4 Nh5 33. Qe5 Qf8 34. Be2
Ng7 35. Rd7 Rd8 36. Rb7 Qd6 37. Qe3 Rc8 38. Qxb6 Qxb6 39. Rxb6 Rxc3 40. Ra6 Rc1+
41. Bf1 Nf5 42. Rxa5 Ra1 43. g3 Kg7 44. Kg2 Ra2 45. Ra7 Ne3+ 46. Kg1 Nxf1 47.
Kxf1 g5 48. a5 Kg6 49. a6 Kf6 50. Ra8 h5 51. Kg2 Ra3 52. Kf1 Ra2 53. Kg2 Ra3 54.
Kf1 Ra2 1/2-1/2

[Event "Saint Louis Masters 2026"]
[Site "Saint Louis USA"]
[Date "2026.02.25"]
[Round "2.11"]
[White "Atwell, Rose"]
[Black "Akobian, Varuzhan"]
[Result "1/2-1/2"]
[WhiteTitle "FM"]
[BlackTitle "GM"]
[WhiteElo "2337"]
[BlackElo "2549"]
[WhiteFideId "30951011"]
[BlackFideId "13300580"]
[EventDate "2026.02.25"]

1. e4 e6 2. d4 d5 3. exd5 exd5 4. Nf3 Nf6 5. Bd3 c5 6. O-O c4 7. Re1+ Be7 8. Bf1
O-O 9. b3 cxb3 10. axb3 Nc6 11. Ne5 Bf5 12. Nxc6 bxc6 13. Ba3 Bxa3 14. Rxa3 Qd6
15. f3 c5 16. Ra6 Qc7 17. Nc3 Bxc2 18. Qxc2 cxd4 19. Rxf6 gxf6 20. Qf5 Qxc3 21.
Qxf6 h6 22. Qxh6 d3 23. Re3 Qg7 24. Qh4 d2 25. Rd3 Rad8 26. Rxd2 Rfe8 27. Rd4
Rd6 28. Bb5 Re1+ 29. Kf2 Qe5 30. Rg4+ Rg6 31. Rxg6+ fxg6 32. Qd8+ Kg7 33. Qd7+
Kh6 34. Qh3+ Kg7 35. Qd7+ Kf6 36. Qd8+ Qe7 37. Qh8+ Kf7 38. Qh7+ Kf6 39. Qh8+
Kf7 40. Qh7+ Kf6 1/2-1/2

[Event "Saint Louis Masters 2026"]
[Site "Saint Louis USA"]
[Date "2026.02.25"]
[Round "2.12"]
[White "Stremavicius, Titas"]
[Black "Yu, Jennifer"]
[Result "1/2-1/2"]
[WhiteTitle "GM"]
[BlackTitle "FM"]
[WhiteElo "2547"]
[BlackElo "2309"]
[WhiteFideId "12804444"]
[BlackFideId "2078341"]
[EventDate "2026.02.25"]

1. d4 d5 2. c4 e6 3. Nf3 Nf6 4. Nc3 a6 5. cxd5 exd5 6. Qb3 c6 7. e4 dxe4 8. Ng5
Nd5 9. Bc4 Bb4 10. Nxe4 O-O 11. O-O Nxc3 12. bxc3 Be7 13. a4 Qa5 14. Ba3 Bxa3
15. Qxa3 Nd7 16. Nd6 Nb6 17. Bxf7+ Rxf7 18. Nxf7 Kxf7 19. Rfe1 Qg5 20. Re5 Qf6
21. Qb3+ Nd5 22. c4 Nf4 23. Rae1 h5 24. Re8 Kg6 25. Qg3+ Kh7 26. a5 h4 27. Qe3
h3 28. Qe4+ Ng6 29. Qf3 Qg5 30. Rxc8 Rxc8 31. Qxh3+ Nh4 32. g3 Rd8 33. Qxh4+
Qxh4 34. gxh4 Rxd4 35. Re7 Rxc4 36. Rxb7 Ra4 37. Rb6 Rxa5 38. Rxc6 Ra4 1/2-1/2

[Event "Saint Louis Masters 2026"]
[Site "Saint Louis USA"]
[Date "2026.02.25"]
[Round "2.13"]
[White "Apaar Saxena"]
[Black "Hardaway, Brewington"]
[Result "0-1"]
[WhiteTitle "FM"]
[BlackTitle "GM"]
[WhiteElo "2263"]
[BlackElo "2544"]
[WhiteFideId "25937219"]
[BlackFideId "30941849"]
[EventDate "2026.02.25"]

1. d4 d5 2. c4 e6 3. Nf3 Nd7 4. g3 dxc4 5. Bg2 Rb8 6. O-O b5 7. a4 a6 8. axb5
axb5 9. b3 cxb3 10. Qxb3 Bb7 11. Bf4 Ngf6 12. Nc3 Nd5 13. Bg5 Be7 14. Bxe7 Nxe7
15. Nxb5 Bc6 16. Ra5 O-O 17. Qa4 Nf5 18. Ne5 Nxe5 19. dxe5 Bxg2 20. Kxg2 Qd2 21.
Nxc7 Qxe2 22. Qa3 Rbd8 23. Kg1 Rd3 24. Qa1 Nd4 25. Ra8 Nf3+ 26. Kg2 Rdd8 27. Ra4
Nxe5 28. Rf4 Nd3 29. Rh4 Qc2 30. Qa5 Rd7 31. Rg4 f5 32. Nxe6 Qc6+ 33. Kg1 Qxe6
34. Ra4 f4 35. Raa1 Rdf7 36. Qc3 fxg3 37. Qxd3 gxf2+ 38. Kg2 Qc6+ 0-1

[Event "Saint Louis Masters 2026"]
[Site "Saint Louis USA"]
[Date "2026.02.25"]
[Round "2.14"]
[White "Oparin, Grigoriy"]
[Black "Boyer, Mahel"]
[Result "1/2-1/2"]
[WhiteTitle "GM"]
[BlackTitle "GM"]
[WhiteElo "2658"]
[BlackElo "2486"]
[WhiteFideId "24125890"]
[BlackFideId "45102422"]
[EventDate "2026.02.25"]

1. d4 d5 2. c4 e6 3. Nc3 Nc6 4. Nf3 Nf6 5. Bg5 dxc4 6. e3 Na5 7. Ne5 a6 8. Bxc4
Nxc4 9. Nxc4 Be7 10. O-O b6 11. Ne5 Bb7 12. Qa4+ Nd7 13. Bxe7 Qxe7 14. Rfc1 f6
15. Nxd7 Qxd7 16. Qxd7+ Kxd7 17. f3 Rad8 18. Rc2 Kc8 19. Rac1 Kb8 20. b4 e5 21.
Ne2 Rd7 22. a4 Re8 23. Kf2 f5 24. Rc4 Bd5 25. R4c3 Bb7 26. Rc4 Bd5 27. R4c3 Bb7 1/2-1/2

[Event "Saint Louis Masters 2026"]
[Site "Saint Louis USA"]
[Date "2026.02.25"]
[Round "2.15"]
[White "Raja, Harshit"]
[Black "Pranav, V"]
[Result "1/2-1/2"]
[WhiteTitle "GM"]
[BlackTitle "GM"]
[WhiteElo "2472"]
[BlackElo "2641"]
[WhiteFideId "5089000"]
[BlackFideId "25060783"]
[EventDate "2026.02.25"]

1. e4 e5 2. Nf3 Nc6 3. Bb5 a6 4. Ba4 Nf6 5. O-O d6 6. Re1 Bd7 7. Bxc6 Bxc6 8. d4
exd4 9. Nxd4 Bd7 10. Nc3 Be7 11. Qf3 O-O 12. Bf4 b5 13. e5 dxe5 14. Bxe5 b4 15.
Nd5 Nxd5 16. Qxd5 c5 17. Nc6 Bxc6 18. Qxc6 Re8 19. Rad1 Qc8 20. Qxc8 Raxc8 21.
Kf1 Bf8 22. Bf4 Rxe1+ 23. Kxe1 c4 24. Rd7 Rc6 25. Rc7 Rxc7 26. Bxc7 f5 27. Ke2
Kf7 28. b3 cxb3 29. axb3 Ke6 30. Kd3 Kd5 1/2-1/2

[Event "Saint Louis Masters 2026"]
[Site "Saint Louis USA"]
[Date "2026.02.25"]
[Round "2.16"]
[White "Mikaelyan, Arman"]
[Black "Mishra, Abhimanyu"]
[Result "1/2-1/2"]
[WhiteTitle "GM"]
[BlackTitle "GM"]
[WhiteElo "2494"]
[BlackElo "2629"]
[WhiteFideId "13304852"]
[BlackFideId "30920019"]
[EventDate "2026.02.25"]

1. e4 c5 2. c3 Nf6 3. e5 Nd5 4. d4 cxd4 5. cxd4 d6 6. Nf3 Nc6 7. Bc4 Nb6 8. Bb3
dxe5 9. d5 Na5 10. Nc3 Nxb3 11. Qxb3 e6 12. Nxe5 exd5 13. Qb5+ Bd7 14. Nxd7 Qxd7
15. O-O Be7 16. Be3 Qxb5 17. Nxb5 O-O 18. b3 Rfc8 19. Rac1 Rc6 20. a4 Bb4 21.
Rfd1 f6 22. Kf1 Kf7 23. Ke2 h5 24. h4 Kg6 25. Kf3 Ba5 26. Rb1 Bb4 27. Rbc1 Ba5
28. Rb1 Bb4 29. Rbc1 1/2-1/2

[Event "Saint Louis Masters 2026"]
[Site "Saint Louis USA"]
[Date "2026.02.25"]
[Round "2.17"]
[White "Lu, Maximillian"]
[Black "Woodward, Andy"]
[Result "0-1"]
[WhiteTitle "IM"]
[BlackTitle "GM"]
[WhiteElo "2424"]
[BlackElo "2608"]
[WhiteFideId "2096242"]
[BlackFideId "30953499"]
[EventDate "2026.02.25"]

1. d4 Nf6 2. c4 e6 3. g3 c5 4. d5 exd5 5. cxd5 d6 6. Nc3 g6 7. Nf3 Bg7 8. Bg2
O-O 9. O-O Re8 10. Re1 Nbd7 11. Bf4 Ng4 12. Bg5 Qb6 13. Qb3 Qc7 14. Nb5 Qb8 15.
a4 b6 16. Bf4 Nge5 17. Nd2 a6 18. Na3 Qc7 19. Qc2 h6 20. Ndc4 Rb8 21. Bd2 Rb7
22. Rac1 b5 23. Na5 Rb6 24. b4 c4 25. Bc3 Nf6 26. h3 Bf5 27. e4 Bd7 28. Bd4 Rbb8
29. axb5 axb5 30. Qc3 Qd8 31. Red1 Rc8 32. Ra1 Bxh3 33. f3 Bxg2 34. Kxg2 Nh5 35.
Qe3 f5 36. Nc6 Nxc6 37. Bxg7 f4 38. gxf4 Ne7 39. Bc3 Nf5 40. Qf2 Nxf4+ 41. Kf1
Qg5 42. Nc2 Ng3+ 43. Ke1 Nd3+ 44. Rxd3 cxd3 45. Qd4 Rxc3 0-1

[Event "Saint Louis Masters 2026"]
[Site "Saint Louis USA"]
[Date "2026.02.25"]
[Round "2.18"]
[White "Bok, Benjamin"]
[Black "Cordova, Emilio"]
[Result "1/2-1/2"]
[WhiteTitle "GM"]
[BlackTitle "GM"]
[WhiteElo "2592"]
[BlackElo "2494"]
[WhiteFideId "1017063"]
[BlackFideId "3801497"]
[EventDate "2026.02.25"]

1. e4 c5 2. Nf3 e6 3. d4 cxd4 4. Nxd4 a6 5. Bd3 Ne7 6. O-O Nec6 7. Be3 Nxd4 8.
Bxd4 Nc6 9. Be3 Qc7 10. Nd2 Rb8 11. c3 Ne5 12. Be2 b5 13. Kh1 f6 14. c4 Bc5 15.
Bxc5 Qxc5 16. cxb5 axb5 17. Rc1 Qb6 18. f4 Nf7 19. b4 Qd4 20. Bxb5 O-O 21. a4
Qxb4 22. Nc4 1/2-1/2

[Event "Saint Louis Masters 2026"]
[Site "Saint Louis USA"]
[Date "2026.02.25"]
[Round "2.19"]
[White "Lodici, Lorenzo"]
[Black "Kuru, Atilla"]
[Result "1-0"]
[WhiteTitle "GM"]
[BlackTitle "IM"]
[WhiteElo "2590"]
[BlackElo "2450"]
[WhiteFideId "884189"]
[BlackFideId "51607948"]
[EventDate "2026.02.25"]

1. e4 c5 2. Nf3 d6 3. d4 cxd4 4. Nxd4 Nf6 5. Nc3 Nc6 6. Bg5 Bd7 7. Nxc6 bxc6 8.
Bc4 h6 9. Bh4 Qb6 10. Rb1 g6 11. Bxf6 exf6 12. O-O Be7 13. b4 a6 14. a4 O-O 15.
a5 Qa7 16. Na4 f5 17. exf5 Bxf5 18. Bd3 Be6 19. Qd2 Kh7 20. Qc3 Qc7 21. Rbe1
Rfe8 22. Nb6 Rad8 23. f4 Bf8 24. f5 Bxf5 25. Bxf5 gxf5 26. Qd3 Bg7 27. c4 Kg8
28. Rxe8+ Rxe8 29. Qxf5 Re5 30. Qg4 Qd8 31. Qc8 Qxc8 32. Nxc8 d5 33. cxd5 cxd5
34. Rd1 d4 35. Kf2 Kh7 36. Na7 Rf5+ 37. Ke2 Rg5 38. g3 Rh5 39. h4 Re5+ 40. Kd3
Re3+ 41. Kc4 Rxg3 42. b5 Rc3+ 43. Kd5 Ra3 44. Nc6 axb5 45. Kc5 f5 46. Kxb5 f4
47. a6 d3 48. a7 Bd4 49. Rxd3 Rxd3 50. a8=Q Bf6 51. Qe8 Kg7 52. h5 Rd5+ 53. Kc4
Rg5 54. Nb8 Kh7 55. Qf7+ Bg7 56. Nc6 f3 57. Ne7 Rg4+ 58. Kb5 Rg5+ 59. Kc6 Rc5+
60. Kxc5 f2 61. Qg8# 1-0

[Event "Saint Louis Masters 2026"]
[Site "Saint Louis USA"]
[Date "2026.02.25"]
[Round "2.20"]
[White "Paciorkowski, Lev"]
[Black "Fier, Alexandr"]
[Result "1/2-1/2"]
[BlackTitle "GM"]
[WhiteElo "2315"]
[BlackElo "2572"]
[WhiteFideId "30904625"]
[BlackFideId "2107139"]
[EventDate "2026.02.25"]

1. Nf3 Nf6 2. g3 c5 3. Bg2 Nc6 4. c4 g6 5. Nc3 Bg7 6. O-O O-O 7. d4 d6 8. dxc5
dxc5 9. Bf4 Nh5 10. Bd2 b6 11. Qc1 Bb7 12. Bh6 e6 13. Rd1 Qe7 14. Bxg7 Nxg7 15.
g4 f5 16. h3 Ne8 17. Qh6 Nf6 18. Qh4 Rae8 19. Qg3 Kh8 20. Ne5 Nxe5 21. Qxe5 Bxg2
22. Kxg2 Kg8 23. f3 h5 24. gxf5 exf5 25. Qxe7 Rxe7 26. Rd6 Kg7 27. h4 Ne8 28.
Rd8 Nc7 29. Rxf8 Kxf8 30. Rd1 Ne6 31. Rd6 Nf4+ 32. Kf2 Re6 33. Rd7 Re7 34. Rd6
Re6 35. Rd7 Re7 1/2-1/2

[Event "Saint Louis Masters 2026"]
[Site "Saint Louis USA"]
[Date "2026.02.25"]
[Round "2.21"]
[White "Can, Isik"]
[Black "Atanasov, Anthony"]
[Result "1/2-1/2"]
[WhiteTitle "GM"]
[BlackTitle "IM"]
[WhiteElo "2562"]
[BlackElo "2441"]
[WhiteFideId "6383742"]
[BlackFideId "2623897"]
[EventDate "2026.02.25"]

1. e4 e5 2. Nf3 Nf6 3. Nxe5 d6 4. Nf3 Nxe4 5. d4 d5 6. Bd3 Be7 7. O-O Nd6 8. Bf4
Nc6 9. c3 g5 10. Be5 f6 11. Bxd6 Qxd6 12. Qc2 Bg4 13. Nbd2 O-O-O 14. Rfe1 h5 15.
Bf5+ Bxf5 16. Qxf5+ Qd7 17. Qxd7+ Kxd7 1/2-1/2

[Event "Saint Louis Masters 2026"]
[Site "Saint Louis USA"]
[Date "2026.02.25"]
[Round "2.22"]
[White "Munkhdalai, Amilal"]
[Black "Kevlishvili, Robby"]
[Result "0-1"]
[WhiteTitle "IM"]
[BlackTitle "GM"]
[WhiteElo "2455"]
[BlackElo "2527"]
[WhiteFideId "4903250"]
[BlackFideId "1040634"]
[EventDate "2026.02.25"]

1. e4 e5 2. Nf3 Nc6 3. Bb5 a6 4. Ba4 Nf6 5. O-O Be7 6. Re1 b5 7. Bb3 d6 8. c3
O-O 9. h3 Bb7 10. d4 Re8 11. Nbd2 Bf8 12. Bc2 g6 13. b3 Bg7 14. Bb2 Nb8 15. Bd3
Nbd7 16. a4 c6 17. Bf1 Qc7 18. Qc2 Nh5 19. c4 bxa4 20. Rxa4 exd4 21. Bxd4 Bxd4
22. Nxd4 Nf4 23. Qc3 c5 24. Nc2 Bc6 25. Raa1 a5 26. Ne3 Ne6 27. Nd5 Qd8 28. Nf3
f6 29. Ra2 Ne5 30. Nxe5 fxe5 31. Rea1 Bxd5 32. exd5 Nd4 33. Rxa5 Rb8 34. Rb1
Rxb3 35. Rxb3 Nxb3 36. Ra7 Qb6 37. Rd7 Nd4 38. Qe3 Rd8 39. Rxd8+ Qxd8 40. Kh2
Qf6 41. Kg1 Kg7 42. g3 Qf5 43. Bd3 Nf3+ 44. Kf1 Qxh3+ 45. Ke2 Nd4+ 46. Kd2 Qd7
47. f4 exf4 48. Qxf4 Qe7 49. Qg4 Qg5+ 50. Qxg5 Nf3+ 51. Ke3 Nxg5 52. Kf4 Kf6 53.
Be2 h5 54. Bf1 Nf7 55. Be2 Ne5 56. Bf1 g5+ 57. Ke4 g4 58. Kf4 Ng6+ 59. Ke4 Kg5
60. Bd3 Ne5 61. Bf1 h4 62. gxh4+ Kxh4 63. Kf5 g3 64. Ke6 Nxc4 0-1

[Event "Saint Louis Masters 2026"]
[Site "Saint Louis USA"]
[Date "2026.02.25"]
[Round "2.23"]
[White "Tiglon, Bryce"]
[Black "Rorrer, Grayson"]
[Result "1-0"]
[WhiteTitle "GM"]
[BlackTitle "IM"]
[WhiteElo "2550"]
[BlackElo "2415"]
[WhiteFideId "2087456"]
[BlackFideId "30944996"]
[EventDate "2026.02.25"]

1. e4 c5 2. Nf3 d6 3. Bb5+ Nd7 4. d4 cxd4 5. Qxd4 a6 6. Be2 Ngf6 7. O-O e5 8.
Qe3 Nc5 9. Nc3 Be7 10. h3 O-O 11. Rd1 Qc7 12. a4 Be6 13. Ng5 Bd7 14. a5 h6 15.
Nf3 Rac8 16. Nd2 Ne6 17. Nf1 Rfd8 18. Qg3 Bc6 19. Bf3 Kh8 20. Be3 Nc5 21. Nd2 b5
22. axb6 Qxb6 23. Nb3 Qb8 24. Nxc5 dxc5 25. Rdb1 Qa8 26. Be2 Bxe4 27. Bxa6 Bb7
28. Bc4 Qb8 29. Bxf7 Ne4 30. Nxe4 Bxe4 31. Bg6 Qb7 32. Qg4 Bxg6 33. Qxg6 Rd6 34.
Qf5 Rf8 35. Qg4 Qc6 36. Ra4 Bg5 37. Bxg5 hxg5 38. Re4 Rd2 39. Re2 Qd5 40. Qxg5
Rd1+ 41. Re1 Rd2 42. Qh5+ Kg8 43. Re2 Rd1+ 44. Rxd1 Qxd1+ 45. Kh2 Rxf2 46. Qe8+
Rf8 47. Qxe5 g6 48. Qe6+ Kg7 49. Qe7+ Kg8 50. b3 Rf7 51. Qe6 Kg7 52. Qe5+ Kh7
53. Re4 1-0

[Event "Saint Louis Masters 2026"]
[Site "Saint Louis USA"]
[Date "2026.02.25"]
[Round "2.24"]
[White "Harsha, Bharathakoti"]
[Black "Kiolbasa, Oliwia"]
[Result "1/2-1/2"]
[WhiteTitle "GM"]
[BlackTitle "IM"]
[WhiteElo "2538"]
[BlackElo "2397"]
[WhiteFideId "5078776"]
[BlackFideId "1154613"]
[EventDate "2026.02.25"]

1. e4 e5 2. Bc4 Nf6 3. d3 Nc6 4. Nc3 Bb4 5. Nf3 d6 6. O-O Bxc3 7. bxc3 Na5 8.
Bb3 Nxb3 9. axb3 O-O 10. Nd2 d5 11. Re1 Re8 12. Qf3 c6 13. Nf1 h6 14. h3 a5 15.
g4 Nh7 16. Ne3 dxe4 17. dxe4 Ng5 18. Qg2 g6 19. Rd1 Qf6 20. Nc4 Be6 21. Bxg5
Qxg5 22. Nxa5 Ra7 23. b4 Rea8 24. Rab1 c5 25. Qg3 h5 26. Nb3 cxb4 27. cxb4 hxg4
28. Nc5 Ra3 29. c3 Bc8 30. Rd5 b6 31. Rxe5 Qd8 32. Rd5 Qe7 33. Re5 Qd8 34. Rd5
Qe7 35. Re5 Qd8 36. Nb3 Rxb3 37. Rxb3 Qd1+ 38. Kh2 Be6 39. Rxe6 fxe6 40. Rb2 Ra1
41. Qb8+ Kh7 42. Qc7+ Kg8 43. Qb8+ Kh7 44. Qc7+ Kg8 1/2-1/2

[Event "Saint Louis Masters 2026"]
[Site "Saint Louis USA"]
[Date "2026.02.25"]
[Round "2.25"]
[White "Chasin, Nico"]
[Black "Abrahamyan, Tatev"]
[Result "1/2-1/2"]
[WhiteTitle "IM"]
[BlackTitle "IM"]
[WhiteElo "2520"]
[BlackElo "2378"]
[WhiteFideId "30908477"]
[BlackFideId "13301918"]
[EventDate "2026.02.25"]

1. d4 d5 2. c4 e6 3. Nc3 Nf6 4. cxd5 exd5 5. Bg5 Be6 6. e3 Nbd7 7. Bf4 c6 8. Bd3
Be7 9. h3 O-O 10. Nf3 Nh5 11. g4 Nxf4 12. exf4 Nb6 13. Qc2 h6 14. O-O-O c5 15.
f5 Bd7 16. dxc5 Bxc5 17. Kb1 Rc8 18. Rc1 Qc7 19. Qd2 Qd6 20. Rhd1 a6 21. g5 Rfd8
22. f6 Nc4 23. Qc2 Qf4 24. Nxd5 Qxf3 25. Qxc4 Bf5 26. Bxf5 Qxf5+ 27. Ka1 hxg5
28. Qb3 Bf8 29. Rxc8 Qxc8 30. Ne7+ Bxe7 31. fxe7 Re8 32. Qe3 Qc7 33. Re1 Qf4 34.
Qe2 Qd6 35. a3 g6 36. Qe3 Qf6 37. Qc5 Kg7 38. Re2 Qf5 39. Re5 Qd7 40. Re3 f6 41.
Ka2 Kf7 42. Qc4+ Kg7 43. Qe4 Kf7 44. Qc4+ Kg7 45. Qb4 Kf7 46. Qc4+ 1/2-1/2

[Event "Saint Louis Masters 2026"]
[Site "Saint Louis USA"]
[Date "2026.02.25"]
[Round "2.26"]
[White "Heimann, Mark"]
[Black "Rosen, Eric"]
[Result "0-1"]
[WhiteTitle "GM"]
[BlackTitle "IM"]
[WhiteElo "2511"]
[BlackElo "2377"]
[WhiteFideId "2028441"]
[BlackFideId "2032562"]
[EventDate "2026.02.25"]

1. e4 c5 2. Nf3 e6 3. d4 cxd4 4. Nxd4 Nc6 5. Nc3 Qc7 6. Ncb5 Qb8 7. Bd3 Nf6 8.
O-O Be7 9. c4 O-O 10. Be3 Ne5 11. Nf3 Nxd3 12. Qxd3 a6 13. Nc3 Ng4 14. Bb6 d6
15. a4 Bd7 16. a5 Bc6 17. h3 Ne5 18. Nxe5 dxe5 19. Rfd1 Qe8 20. Rab1 f5 21. b4
fxe4 22. Qe2 e3 23. Bxe3 Rc8 24. Rb3 Qg6 25. Qg4 Qc2 26. Qxe6+ Kh8 27. c5 Bh4
28. Rd2 Qc1+ 29. Rd1 Bxf2+ 30. Bxf2 Qc2 31. Rf1 Rce8 32. Qc4 Rf4 33. Qe2 Qxb3
34. Rc1 Qxb4 35. Nd1 Qxa5 36. Ne3 Qa3 37. Qe1 Ref8 38. Bg3 Re4 39. Bf2 Qb2 40.
Rb1 Qa2 41. Ra1 Qb2 42. Rb1 Qa3 43. Rc1 h6 44. Qd2 Rd4 45. Qe1 Qb2 46. Rc2 Qb3
47. Rc3 Qe6 48. Bg3 Re4 49. Qd2 Ra4 50. Rd3 Ra2 51. Qc3 Bxg2 52. Nxg2 Qxh3 53.
Bf2 Qf5 54. Rd2 Qb1+ 55. Be1 Rxd2 56. Qxd2 Qe4 57. Bf2 Rf6 58. Kh2 Rg6 59. Bg3
Qf3 60. Be1 Qe4 61. Bg3 Kh7 62. Nh4 Rg5 63. Qc3 Rh5 64. Kh3 Qh1+ 0-1

[Event "Saint Louis Masters 2026"]
[Site "Saint Louis USA"]
[Date "2026.02.25"]
[Round "2.27"]
[White "Celik, Hasan Huseyin"]
[Black "Sargsyan, Anna M."]
[Result "1-0"]
[WhiteTitle "IM"]
[BlackTitle "IM"]
[WhiteElo "2495"]
[BlackElo "2372"]
[WhiteFideId "44506759"]
[BlackFideId "13308130"]
[EventDate "2026.02.25"]

1. Nf3 d5 2. g3 Nf6 3. Bg2 c5 4. O-O Nc6 5. d4 cxd4 6. Nxd4 Bd7 7. c4 dxc4 8.
Nxc6 Bxc6 9. Bxc6+ bxc6 10. Qa4 Qb6 11. Na3 e6 12. Be3 Qb7 13. Nxc4 Qb5 14. Qxb5
cxb5 15. Na5 Ng4 16. Bd4 e5 17. h3 exd4 18. hxg4 h5 19. Rfd1 Bc5 20. Nb3 Bb6 21.
Nxd4 hxg4 22. Nxb5 Rh3 23. e3 Ke7 24. Nc3 g5 25. Kf1 Rc8 26. Ke2 Rhh8 27. Rd5 f6
28. Rad1 Rhd8 29. Rb5 Ke6 30. Rxd8 Rxd8 31. Na4 Rd6 32. Nxb6 axb6 33. e4 Rc6 34.
a4 Kd6 35. Kd3 Ke6 36. b3 Kd6 37. e5+ Ke6 38. exf6 Kxf6 39. b4 Kg6 40. Re5 Kf6
41. Re2 Kf5 42. Ra2 Kg6 43. a5 bxa5 44. bxa5 Kh5 45. Kd4 Rf6 46. Ke5 Ra6 47. Kf5
Ra8 48. Ra1 Rf8+ 49. Ke6 Re8+ 50. Kf7 1-0

[Event "Saint Louis Masters 2026"]
[Site "Saint Louis USA"]
[Date "2026.02.25"]
[Round "2.28"]
[White "Ostrovskiy, Aleksandr"]
[Black "Putnam, Liam"]
[Result "0-1"]
[WhiteTitle "IM"]
[BlackTitle "IM"]
[WhiteElo "2367"]
[BlackElo "2485"]
[WhiteFideId "2034239"]
[BlackFideId "30938279"]
[EventDate "2026.02.25"]

1. e4 c5 2. Nf3 Nc6 3. Bb5 e6 4. O-O Nge7 5. Re1 a6 6. Bf1 b6 7. d4 cxd4 8. Nxd4
Nxd4 9. Qxd4 Nc6 10. Qd1 Qc7 11. c4 Bb7 12. Be3 Bd6 13. h3 O-O 14. Nc3 Bh2+ 15.
Kh1 Bf4 16. Qd2 Bxe3 17. Rxe3 Ne5 18. b3 f5 19. exf5 Rxf5 20. Ne4 Raf8 21. Qd6
Qd8 22. Ng3 Nf7 23. Qd2 Rf4 24. Rd1 Bc6 25. Re2 Qh4 26. Kg1 Ng5 27. Qe3 b5 28.
Red2 bxc4 29. bxc4 h6 30. Rd4 a5 31. a3 a4 32. R1d2 e5 33. Qxe5 Nxh3+ 0-1

[Event "Saint Louis Masters 2026"]
[Site "Saint Louis USA"]
[Date "2026.02.25"]
[Round "2.29"]
[White "Wang, Tianqi"]
[Black "Yip, Carissa"]
[Result "1-0"]
[WhiteTitle "IM"]
[BlackTitle "IM"]
[WhiteElo "2331"]
[BlackElo "2466"]
[WhiteFideId "2063824"]
[BlackFideId "2090732"]
[EventDate "2026.02.25"]

1. d4 Nf6 2. Nf3 g6 3. Nbd2 Bg7 4. e4 d6 5. Bd3 O-O 6. O-O Nbd7 7. Re1 e5 8.
dxe5 dxe5 9. a4 Qe7 10. b4 Rd8 11. Nc4 Nh5 12. Bg5 Bf6 13. Bxf6 Qxf6 14. Qd2 Nf4
15. Qc3 Re8 16. Bf1 h5 17. g3 Ne6 18. Rad1 Ng5 19. Nxg5 Qxg5 20. Ne3 c6 21. Nc4
Qe7 22. Nd6 Rd8 23. Bh3 Nb6 24. Bxc8 Rxd6 25. Rxd6 Qxd6 26. Bxb7 Rb8 27. Bxc6
Rc8 28. b5 Nxa4 29. Qa1 Qb4 30. Rb1 Qc4 31. Qxe5 Qxc2 32. Ra1 a5 33. Qd4 Nc5 34.
Bd5 Nb3 35. Qf6 Nxa1 36. Bxf7+ 1-0

[Event "Saint Louis Masters 2026"]
[Site "Saint Louis USA"]
[Date "2026.02.25"]
[Round "2.30"]
[White "Chirilov, James A"]
[Black "Shlyakhtenko, Robert"]
[Result "0-1"]
[WhiteTitle "FM"]
[BlackTitle "IM"]
[WhiteElo "2264"]
[BlackElo "2453"]
[WhiteFideId "30976677"]
[BlackFideId "30936934"]
[EventDate "2026.02.25"]

1. e4 c5 2. Nf3 Nc6 3. Bb5 Nf6 4. Nc3 g6 5. e5 Nh5 6. O-O Bg7 7. Re1 Nd4 8. Bc4
O-O 9. d3 d6 10. exd6 Qxd6 11. Bg5 Bg4 12. Bxe7 Qd7 13. Bxf8 Bxf3 14. gxf3 Rxf8
15. Re3 Nf4 16. Kh1 Qh3 17. Qf1 Qh5 18. Qg1 Nxc2 19. Rf1 Bxc3 20. bxc3 Qh3 21.
d4 cxd4 22. cxd4 Rc8 23. Bb5 a6 24. Rc1 axb5 25. Qg4 Qxg4 26. fxg4 Rc4 27. Re7
Rxd4 28. Rxb7 Rd2 29. Rxb5 Nd3 30. Rf1 Nxf2+ 31. Kg1 Ne3 32. Rfb1 Nd3 33. Kh1
Rg2 0-1